000 00413ntaaa2200157 4500
003 01
005 20251027202456.0
008 0714s1973 ag 01
040 _aAR-BaBN
_bspa
_cAR-BaBN
_eaacr
_dRIC
082 _a220.2000 B73
100 _aBransby, Carlos
_923691
245 _aConcordancia tematica de la Biblia
250 _a1 ed.
260 _aEl Paso :
_bCasa Bautista de Publicaciones,
_c1972
300 _a197 p.
999 _c19784
_d19784